Alex Haley's ROOTS-Episode 5 Quiz Stats

 Plays Quiz not verified by Sporcle

Also try: TV Pop-Ups
Challenge
Share
Tweet
Embed
Score 0/27 Timer 08:00
0 Plays Today
Question Answer % Correct
What kind of papers doesn't Chicken George know about?Freedom papers
73%
Does he?No
73%
In order to stop him, Kizzy tells Chicken George that Master Moore is his what?Father
68.3%
Squire James promises Chicken George and Matilda's freedom in how many years?5
65.1%
Master Moore says he'll set Chicken George free if he does what at the chicken fight?Win
65.1%
What does Matilda find while picking mushrooms?Dead white man
57.1%
What is the name of the slave killing Whites?Nat Turner
55.6%
How many years has gone by before Chicken George's return?14
55.6%
When she lies, what does Kizzy do to her cup of water?Spit in it
54%
Who does Chicken George tell his sons about before leaving?Kunta Kinte
52.4%
Where must Chicken George go now?England
49.2%
What does Tom do to Brent?Drowns him
49.2%
When Master Moore refuses to ever let Chicken George go, what does he get from the dead man?A gun
47.6%
How much money does Chicken George figure will buy them free?6000
46%
Question Answer % Correct
Who does Kizzy believe she sees riding in a wagon?Missy Anne
44.4%
What is Chicken George's son Tom's job?Blacksmith
44.4%
Implying Chicken George should leave, what does Matilda say she is married to?A free man
41.3%
What name does his family give him?Old George
41.3%
When Tom realizes he's been tricked by Brent and find him about to rape his wife, what does he do to the masters clothes?Burn them
41.3%
What does Tom catch a white boy doing in his stable?Stealing
39.7%
What does Chicken George tell her Master Moore gave him?Freedom papers
36.5%
What happened to his son?Stillborn
36.5%
Who does Chicken George ask to not give up on him?Matilda
33.3%
How long can Chicken George stay in the state before becoming a slave again?60 days
31.7%
What job does he get?Overseer
31.7%
What is his wife's name?Martha
20.6%
Where is Matilda when he arrives?Chicken pen
12.7%

You're not logged in!

Compare scores with friends on all Sporcle quizzes.
OR
Log In

You Might Also Like...

Show Comments

Extras

Created Dec 10, 2010ReportNominate
Tags:alex, episode, haley, john, kunta, root

Top Quizzes Today


Score Distribution

Your Account Isn't Verified!

In order to create a playlist on Sporcle, you need to verify the email address you used during registration. Go to your Sporcle Settings to finish the process.

Report this User

Report this user for behavior that violates our Community Guidelines.

Details: